Historia de la vida privada : tomo 2 :

Guardado en:
Autor Principal: Aries, Philippe
Otros Autores: Duby, Georges
Formato: Libro
Publicado: Madrid : Taurus, 1992
Materias:
Etiquetas: Agregar Etiqueta
Sin Etiquetas, Sea el primero en etiquetar este registro!
LEADER 00675nam a22002055a 4500
001 CEM.cems008899
005 20080407133529.0
008 130507s1992##################000#0#####d
003 CEMS
020 |a 8430697918 
082 0 4 |a 940.1 
100 1 |a Aries, Philippe 
245 1 0 |a Historia de la vida privada :  |b tomo 2 :  |c Dirigida Por Philippe Aries y Georges Duby 
260 |a Madrid :  |b Taurus,  |c 1992 
300 |a 237 p. 
505 0 |a Alta Edad Media Occidental / Michel Rouche -- Bizancio siglos X-XI / Evelyne Patlagean 
653 |a Historia 
653 |a Historia de la cultura 
700 1 |a Duby, Georges 
859 |a CEMS  |b BIB. CEMS - 11 de abril  |h 940.1  |i Ar42  |p 18427.95  |t Ej.1  |v 2  |3 2